Largest Suburbs of New York - Statistics

General Stats
  • This quiz has been taken 148 times
    144 since last reset
  • The average score is 11 of 20
Answer Stats
Suburb Population County State % Correct
Newark 311,549 Essex NJ
96%
Jersey City 292,449 Hudson NJ
93%
Yonkers 211,569 Westchester NY
92%
Stamford 135,470 Fairfield CT
83%
Elizabeth 137,298 Union NJ
75%
New Rochelle 79,726 Westchester NY
74%
Paterson 159,732 Passaic NJ
74%
Bridgeport 148,654 Fairfield CT
73%
Mount Vernon 73,893 Westchester NY
55%
Trenton 90,871 Mercer NJ
52%
Edison 107,588 Middlesex NJ
47%
Bayonne 71,686 Hudson NJ
46%
Norwalk 91,184 Fairfield CT
40%
Toms River 95,438 Ocean NJ
38%
Clifton 90,296 Passaic NJ
36%
Danbury 86,518 Fairfield CT
36%
Woodbridge 103,639 Middlesex NJ
32%
Lakewood 135,158 Ocean NJ
30%
Hamilton 92,297 Mercer NJ
19%
Brick 73,620 Ocean NJ
18%
No matching quizzes found
Score Distribution
Percent of People with Each Score
Percentile by Number Answered
Your Score History
You have not taken this quiz since the last reset